01361nac a22003371i 4500003000900000005001700009008004100026020002500067020002200092035002300114040004300137082002100180100004200201245008100243264006400324300004700388336002600435337002800461338002700489490004000516504005100556650004600607650002400653653000800677655001700685856009100702856009200793942001200885999001500897952011100912EG-ScBUE20230315122315.0230315s2006 enka f b 001 0 eng d a9780521849630 (hbk.) a0521849632 (hbk.) a(OCoLC)ocm62132908 aEG-ScBUEbengerdacEG-ScBUEdEG-ScBUE04a792.023bLUC2221 aLuckhurst, Mary, eauthor.10aDramaturgy :ba revolution in theatre /cMary Luckhurst, University of York. 1aCambridge ;aNew York :bCambridge University Press,c2006. axiii, 297 pages :billustrations ;c24 cm. 2rdacontentatextbtxt 2rdamediaaunmediatedbn 2rdacarrieravolumebnc0 aCambridge studies in modern theatre aIncludes bibliographical references and index. 7aTheaterxProduction and direction.2BUEsh 7aDramaturges.2BUEsh bART vReading book423Publisher descriptionuhttp://www.loc.gov/catdir/enhancements/fy0664/2006278336-d.html423Table of contents onlyuhttp://www.loc.gov/catdir/enhancements/fy0664/2006278336-t.html cBB2ddc c3292d3292 00102ddc4070aMAINbMAINc2NDd2007-04-02ePurchasel0o792.023 LUCp000030543r2025-07-15 00:00:00yBB